00584nam a2200193Ia 450000500170000000800410001702000150005808200130007310000150008624500690010126000280017030000160019865000200021465000220023465000200025694200060027695200950028299900130037720240710024612.0240331s9999 xx 000 0 und d a0415097835 a176bDIP aDiprose, R 4aThe bodies of women :bethics, embodiment and sexual difference aLondonbRoutledgec1994 axi, 148 p., aFeminist ethics aSexual Difference aFeminist Theory cL 001040708LaWERCLbWERCLcSSCd2024-03-31l0o 176 DIPp2708r2024-03-31w2024-03-31yL c769d769